000 00510pab a2200181 454500
008 180718b2013 xxu||||| |||| 00| 0 eng d
100 _aSehgal, Sanjay
245 _aAn empirical investigation of the relationship between net stock issues and returns in India
260 _c2013
300 _ap.505-515.
362 _aNov
650 _aFinance markets - India
650 _aFinancial markets
700 _aPandey, Asheesh
773 _aManagement and Labour Studies
908 _aN
909 _a103749
999 _c103745
_d103745